Entités qui ont été ajouté dans les mines Roblox Doors mort-subite. - Statistiques

Statistiques générales
  • Ce quiz a été pris 77 fois
  • Le résultat moyen est 4 sur 6
Answers on the Grid
Answers color-coded by a green-red scale on the quiz's grid according to % correct below.
Figure
Grumble
Sally
Eyes
Giggle
Seek
Halt
Screech
Rush
Dam seek
Shadow
Jack
Gloombats
Window
Louie
Jeff
El Goblino
Queen grumble
 
Statistiques - réponses
Réponse % Correct
Grumble
100%
Giggle
79%
Gloombats
64%
Louie
64%
Dam seek
57%
Queen grumble
50%
Aucun quiz correspondant
Distribution des résultats
% des personnes avec chaque résultat
Percentile par nombre de réponses
Votre historique - résultats
Vous n’avez pas pris ce quiz